[Event "SRB-chT Cup"]
[Site "Kragujevac"]
[Date "2016.04.24"]
[Round "7.3"]
[White "Minic, Ivan"]
[Black "Ilic, Dragan M"]
[Result "1/2-1/2"]
[WhiteElo "2134"]
[BlackElo "2333"]
[PlyCount "28"]
[EventDate "2016.04.20"]
[EventType "team-swiss"]
[EventRounds "7"]
[EventCountry "SRB"]
[SourceTitle "CBM 172 Extra"]
[Source "ChessBase"]
[SourceDate "2016.06.21"]
[SourceVersion "1"]
[SourceVersionDate "2016.06.21"]
[SourceQuality "1"]
[WhiteTeam "Svrljig Zeleni Vrh"]
[BlackTeam "Valjevo 2005"]
[WhiteTeamCountry "SRB"]
[BlackTeamCountry "SRB"]

1. d4 e6 2. Nf3 f5 3. c4 Nf6 4. Nc3 d5 5. g3 c6 6. cxd5 exd5 7. Bg2 Bd6 8. Ne5 0-0 9. f4 Ne4 10. Qb3 Kh8 11. Nxe4 fxe4 12. Bd2 Qe7 13. a3 a5 14. Rc1 Nd7 1/2-1/2

[Event "SRB-chT Cup"]
[Site "Kragujevac"]
[Date "2016.04.23"]
[Round "5.2"]
[White "Minic, Ivan"]
[Black "Brankovic, Dejan"]
[Result "1/2-1/2"]
[WhiteElo "2134"]
[BlackElo "2352"]
[PlyCount "37"]
[EventDate "2016.04.20"]
[EventType "team-swiss"]
[EventRounds "7"]
[EventCountry "SRB"]
[SourceTitle "CBM 172 Extra"]
[Source "ChessBase"]
[SourceDate "2016.06.21"]
[SourceVersion "1"]
[SourceVersionDate "2016.06.21"]
[SourceQuality "1"]
[WhiteTeam "Svrljig Zeleni Vrh"]
[BlackTeam "Paracin"]
[WhiteTeamCountry "SRB"]
[BlackTeamCountry "SRB"]

1. d4 Nf6 2. Nf3 g6 3. g3 Bg7 4. Bg2 c5 5. c3 Qb6 6. 0-0 0-0 7. Nbd2 d5 8. dxc5 Qxc5 9. Nb3 Qb6 10. Be3 Qa6 11. Ne5 Nc6 12. Nd3 b6 13. Nd4 Nxd4 14. Bxd4 e6 15. Qb3 Bd7 16. Rfe1 Rac8 17. a4 Rfd8 18. a5 b5 19. Nc5 1/2-1/2

[Event "SRB-chT Cup"]
[Site "Kragujevac"]
[Date "2016.04.23"]
[Round "6.4"]
[White "Minic, Ivan"]
[Black "Knezevic, Milija"]
[Result "1-0"]
[WhiteElo "2134"]
[BlackElo "1757"]
[PlyCount "109"]
[EventDate "2016.04.20"]
[EventType "team-swiss"]
[EventRounds "7"]
[EventCountry "SRB"]
[SourceTitle "CBM 172 Extra"]
[Source "ChessBase"]
[SourceDate "2016.06.21"]
[SourceVersion "1"]
[SourceVersionDate "2016.06.21"]
[SourceQuality "1"]
[WhiteTeam "Svrljig Zeleni Vrh"]
[BlackTeam "Gornja Jablanica Medvedja"]
[WhiteTeamCountry "SRB"]
[BlackTeamCountry "SRB"]

1. d4 d5 2. Nf3 Bf5 3. c4 dxc4 4. Nc3 e6 5. Qa4+ c6 6. Qxc4 h6 7. g3 Nf6 8. Bg2 Be7 9. Qb3 Qc8 10. 0-0 0-0 11. Ne5 Nbd7 12. Nc4 Rb8 13. Bf4 Ra8 14. Bd6 Re8 15. Bxe7 Rxe7 16. Nd6 Qc7 17. Qa3 Nb6 18. e4 Bg6 19. Rac1 Rd7 20. e5 Nfd5 21. Nce4 Bxe4 22. Bxe4 a6 23. Bb1 Qd8 24. Qd3 g6 25. Ne4 Nc8 26. Qf3 Kg7 27. Nc5 Re7 28. Be4 Ncb6 29. Rfd1 Qf8 30. h4 f6 31. exf6+ Qxf6 32. Qxf6+ Nxf6 33. Bg2 Nbd5 34. Re1 Kf7 35. Re2 Rae8 36. Rce1 g5 37. Bh3 b6 38. Nd3 Nd7 39. a3 Kf6 40. Rc1 Rc8 41. Rec2 Nb8 42. Ne5 Rec7 43. Ng4+ Kg7 44. Re1 Re7 45. Rce2 Rce8 46. Ne5 Kf6 47. Bg2 h5 48. Be4 Rg8 49. Nf3 b5 50. Nxg5 Rge8 51. Nf3 Nd7 52. Rc1 Nb8 53. Ne5 Rg8 54. Rec2 Rc7 55. Nxc6 1-0

[Event "SRB-chT3 Liga Sued CS"]
[Site "Serbia"]
[Date "2011.09.18"]
[Round "2"]
[White "Manic, Dragan"]
[Black "Minic, Ivan"]
[Result "0-1"]
[WhiteElo "2106"]
[BlackElo "2123"]
[PlyCount "102"]
[EventDate "2011.09.11"]
[EventType "team"]
[EventRounds "11"]
[EventCountry "SRB"]
[SourceTitle "EXT 2015"]
[Source "ChessBase"]
[SourceDate "2014.11.20"]
[SourceVersion "1"]
[SourceVersionDate "2014.11.20"]
[SourceQuality "1"]

1. e4 c5 2. Nf3 d6 3. d4 cxd4 4. Nxd4 Nf6 5. Nc3 a6 6. g3 g6 7. Bg2 Bg7 8. 0-0 0-0 9. a4 Bd7 10. Bg5 Nc6 11. Nf3 Rc8 12. Qd2 Na5 13. e5 Nc4 14. Qd4 Ng4 15. Nd5 dxe5 16. Qd3 f6 17. h3 Nh6 18. Bc1 Bf5 19. Qd1 e6 20. Ne3 Nxe3 21. Bxe3 Bxc2 22. Qe1 Nf5 23. Qb4 Qe7 24. Qxe7 Nxe7 25. b4 Nd5 26. Bc5 Rfd8 27. Rfc1 Be4 28. Rc4 Bd3 29. Rcc1 Bh6 30. Rd1 Bc2 31. Re1 b6 32. Be3 Bxe3 33. fxe3 Nxb4 34. Re2 Be4 35. Rb2 a5 36. Rf1 Rc3 37. Nd2 Bxg2 38. Kxg2 f5 39. e4 Nc2 40. Nb1 Rc6 41. Kf2 Nb4 42. Re2 fxe4 43. Ke3 Rd4 44. Ref2 Nd5+ 45. Ke2 Rc2+ 46. Ke1 Rc1+ 47. Ke2 Rxb1 48. Rf8+ Kg7 49. R1f7+ Kh6 50. h4 Rb2+ 51. Ke1 Ne3 0-1